00906cam a22002651 4500001001300000003000400013005001700017008004100034010001700075035002000092040002400112043001200136050001900148100002000167245007700187260004800264300003900312490006600351650003900417650003300456650003800489700003200527830006400559999001700623l 50000067 DLC20260227111542.0840608s1949 dcuak f000 0 eng  al 50000067  a(OCoLC)21726155 aDLCcCUdOCoLCdDLC an-us-ky00aHD6250.U5bL651 aKeeler, Miriam.00aHunting a career;ba study of out-of-school youth, Louisville, Kentucky. aWashingtonb[U.S. Govt. Print. Off.]c1949. aix, 117 p.billus., forms.c24 cm.1 aUnited States. Bureau of Labor Standards. Bulletin ;vno. 115 0aChild laborzKentuckyzLouisville. 0aYouthzKentuckyzLouisville. 0aUnemployedzKentuckyzLouisville.1 aLegg, Caroline Ella,d1887- 0aBulletin (United States. Bureau of Labor Standards) ;v115. c36688d36688